| 000 | 00469pam a2200169a 44500 | ||
|---|---|---|---|
| 008 | 230405s1998 xxu||||| |||| 00| 0 eng d | ||
| 041 | _aENG | ||
| 100 | _aBYRON S GOTTFRID | ||
| 245 | _aPROGRAMMING WITH PASCAL | ||
| 260 |
_aNEW DELHI _bTATA MCGEAW HALL , PUBLISHING CP- LTD, 43/7 WEST PATELI NAGAR NEW DELHI 111 0008 _c1998 |
||
| 300 | _a1015p. | ||
| 440 | _aRS.185,195 | ||
| 650 | _aCOMPUTER LANGUAGES | ||
| 690 | _aCO | ||
| 700 | _aH.S. VIMALA | ||
| 906 | _a619 | ||
| 999 |
_c779000 _d779000 |
||